00638nam a2200169 a 450000100100000000500170001000800410002704000250006808200150009311000800010824500570018826000640024530000200030904900090032995201130033899900170045100002431720200930022914.0110126s1948 dr 000 0 spa d aDO-SdBNPbspacBNPHU axxxbB213v1 aBanco de crédito agricola e industrial de la República Dominicana9735910aVentajas de las inversiones en cedulas hipotecarias. aCiudad Trujillo, República Dominicana :bMontalvo,c1948. a19 p. ;c26 cm. aBNPD 0010718PDaPDbPDcCTd2011-01-26iLF1l0oxxx B213vp24317-10r2020-06-25w2020-06-25yLFPDZNo se presta c23810d23810